Baby Blues Characters Quiz Stats

 Plays Quiz not verified by Sporcle

Score 0/20 Timer 05:00
0 Plays Today
Description Name % Correct
The older daughterZoe Jennifer MacPherson
94.3%
The sonHamish 'Hammie' MacPherson
90.8%
The younger daughterWren MacPherson
90.8%
The motherWanda Wizowski MacPherson
85.8%
The fatherDarryl MacPherson
76.6%
The mother's friend/rivalBunny
61.7%
The mother's sisterRhonda Wizowski
56%
The older daughter's best friendKeesha
55.3%
The older daughter's best friend's motherYolanda
53.9%
The son's best friendTrent
49.6%
Description Name % Correct
The mother's friend/rival's oldest sonBogart
46.8%
The mother's friend/rival's husbandButch
46.1%
The older daughter's best friend's younger sisterDziko or Dizzy
43.3%
The older daughter's best friend's fatherMike
41.1%
The mother's friend/rival's twinsWendell Jon and Wendell John
36.9%
The father's fatherMac MacPherson
34.8%
The children's babysitterKiki
34%
The mother's motherMaggie Wizowski
27%
The mother's fatherHugh Wizowski
25.5%
The father's motherPauline MacPherson
22.7%

You're not logged in!

Compare scores with friends on all Sporcle quizzes.
OR
Log In

Show Comments

Extras

Top Quizzes Today


Score Distribution

Your Account Isn't Verified!

In order to create a playlist on Sporcle, you need to verify the email address you used during registration. Go to your Sporcle Settings to finish the process.

Report this User

Report this user for behavior that violates our Community Guidelines.

Details: